Dôveru Slovákov v korunu ovplyvnili voľby

Výsledok parlamentných volieb výrazne ovplyvnil dôveru Slovákov v národnú menu, čo vyplýva z výsledkov prieskumu. Názory na očakávaný vývoj slovenskej koruny. Rozdielne očakávania podľa rozdielnych skupín opýtaných. Posilňovanie koruny po parlamentných voľbách.

Salvato in:
Dettagli Bibliografici
Autore principale: Baťo, Rado
Natura: Capitolo di libro
Lingua:slovacco
Soggetti:
Tags: Aggiungi Tag
Nessun Tag, puoi essere il primo ad aggiungerne!!

MARC

LEADER 00000naa a2200000 4500
001 r047121
005 20230921113720.0
041 0 |a slo 
044 |a SK 
245 1 0 |a Dôveru Slovákov v korunu ovplyvnili voľby  |c Rado Baťo 
520 |a Výsledok parlamentných volieb výrazne ovplyvnil dôveru Slovákov v národnú menu, čo vyplýva z výsledkov prieskumu. Názory na očakávaný vývoj slovenskej koruny. Rozdielne očakávania podľa rozdielnych skupín opýtaných. Posilňovanie koruny po parlamentných voľbách. 
610 2 0 |a koruna 
610 2 0 |a voľby 
610 2 0 |a parlamenty 
610 2 0 |a stabilita meny 
610 2 0 |a Slovensko 
100 1 |a Baťo, Rado